Kompaktor priemyselných hnojív

Salvato in:
Dettagli Bibliografici
Autore principale: Ďureje, Peter (Autore)
Altri autori: Peciar, Peter (Relatore della tesi)
Natura: Manoscritto Libro
Lingua:slovacco
Pubblicazione: 2016
Soggetti:
Accesso online:http://is.stuba.sk/zp/portal_zp.pl?podrobnosti=120419
Tags: Aggiungi Tag
Nessun Tag, puoi essere il primo ad aggiungerne!!

MARC

LEADER 00000ntm a22000003a 4500
001 stuzp57304
003 SK-STU
005 20160719155222.9
007 ta
008 150427s2015----xo-----f-mn---000-0-slo-d
040 |a STU  |b slo 
041 0 |a slo 
100 1 |a Ďureje, Peter  |u 020040  |k Z4  |4 aut  |U SjF Strojnícka fakulta  |T SjF Ústav procesného inžinierstva  |X 9293  |U J0040  |Y 807  |7 A000009293 
242 0 1 |a Compactor of Industrial Fertilizers  |y eng 
245 1 0 |a Kompaktor priemyselných hnojív 
260 |c 2016 
650 4 |a kompaktor  |2 slo 
650 4 |a hnojivo  |2 slo 
650 4 |a vlastnosti partikulárnej látky  |2 slo 
650 4 |a compactor  |2 eng 
650 4 |a fertilizer  |2 eng 
650 4 |a properties of a powder  |2 eng 
700 1 |a Peciar, Peter  |u 020040  |k Z1  |4 ths  |U SjF Strojnícka fakulta  |T SjF Ústav procesného inžinierstva  |X 41013  |U J0040  |Y 807  |7 A000041013 
856 4 |u http://is.stuba.sk/zp/portal_zp.pl?podrobnosti=120419 
996 |b 284J044143  |c J* 2433/DP  |l JJSK  |s A  |a 24  |w stuzp57304_0001 
SQL |a stuzp57304  |b DDP  |c SLO  |d Kompaktor priemyselných hnojív  |e 9293  |f Ďureje, Peter  |g 020040  |h 41013  |i Peciar, Peter  |j 20160616  |k 54  |l 02  |m http://is.stuba.sk/zp/portal_zp.pl?podrobnosti=120419  |n I-CHPZ  |o 5.2.49. procesná technika